LEADER 01145nam a2200253 4500 001 000000362952 003 CaOOAMICUS 005 20250527144320.0 008 250526s2001 it 000 u ita r 020 $a88-348-1340-5 040 $aSeMil$bita 100 1 $aGuccione, Eugenio,$d<1938- >.$0(OLS)http://semarc/name/9363 245 10$aPolitica e diritto tra fede e ragione :$bproblematiche del 19. e 20. secolo /$cEugenio Guccione. 264 1$aTorino :$bGiappichelli,$c2001. 300 $aVIII, 98 p. ;$c24 cm 650 4$aCristianesimo e politica - Sec. 19.-20.$0(OLS)http://semarc/subject/57643 650 4$aPolitica - Teorie - Sec. 19.-20.$0(OLS)http://semarc/subject/57644 850 $aSeMil 852 $aSeMil$W1$xVenegono$y1$m2G VI 28$j257555$B253831$CSeMilBibl$Z2$F253831 $81 961 $aBuzzi mons. Franco - Omaggio 996 $6020$a88-348-1340-5$9(OLS)http://semarc/number/303233 996 $6245$aPolitica e diritto tra fede e ragione :$bproblematiche del 19. e 20. secolo$9(OLS)http://semarc/title/453968 996 $6264$aTorino :$bGiappichelli$9(OLS)http://semarc/publisher/31793 LEADER 00593nam a2200169 i 4500 001 000000168606 003 CaOOAMICUS 005 20220525123849.0 008 080118n it u000 u ita u 013 $a146008 040 $aSeMil$bita 245 10$aVol. 2. 773 0 $aDe Sanctis, Francesco <1817-1883>$tStoria della letteratura italiana.$dMilano : Rizzoli, 1983.$kBiblioteca Universale Rizzoli$w()19077 850 $aSeMil 852 $aSeMil$W1$xVenegono$y1$m78 12 L425 *$j119636$B119636$CSeMilBibl$Z2$F130650 $81 996 $6245$aVol. 2$9(OLS)http://semarc/title/13458